Brexit z pohledu britského bankovního sektoru
Realistické hodnotenie rizík a proces implementácie regulačných opatrení tak, aby britský finančný sektor zostal naďalej odolný. Obdobie zvýšenej neistoty, ktoré bude trvať pokiaľ sa ekonomickí aktéri neprispôsobia novej situácii a pokiaľ UK nenastaví nové vzťahy s EÚ 27 i s ostatným svetom.
Enregistré dans:
| Auteur principal: | |
|---|---|
| Format: | Chapitre de livre |
| Langue: | tchèque |
| Sujets: | |
| Tags: |
Pas de tags, Soyez le premier à ajouter un tag!
|
MARC
| LEADER | 00000nla a2200000 4500 | ||
|---|---|---|---|
| 001 | 0222315 | ||
| 005 | 20240111122236.6 | ||
| 041 | 0 | |a cze | |
| 044 | |a CZ | ||
| 245 | 1 | 0 | |a Brexit z pohledu britského bankovního sektoru |c Eva Zamrazilová |
| 520 | |a Realistické hodnotenie rizík a proces implementácie regulačných opatrení tak, aby britský finančný sektor zostal naďalej odolný. Obdobie zvýšenej neistoty, ktoré bude trvať pokiaľ sa ekonomickí aktéri neprispôsobia novej situácii a pokiaľ UK nenastaví nové vzťahy s EÚ 27 i s ostatným svetom. | ||
| 610 | 2 | 0 | |a Európska únia |
| 610 | 2 | 0 | |a Spojené kráľovstvo |
| 610 | 2 | 0 | |a politika európska susedská |
| 610 | 2 | 0 | |a spolupráca medzinárodná |
| 610 | 2 | 0 | |a bezpečnosť ekonomická |
| 610 | 2 | 0 | |a regulácia |
| 610 | 2 | 0 | |a riziko |
| 100 | 1 | |a Zamrazilová, Eva | |